000 00475nam a2200193Ia 4500
005 20240823032805.0
008 240823s9999||||xx |||||||||||||| ||und||
020 _a978-81-8052-90-7
041 _aENGLISH
082 _A624.176 Q1
100 _aMadhujit Mukhopadhyay
245 0 _aStructural Dynamics Vibrations & Systems
250 _a1st
260 _c2011
_bAne Books Pv
500 _aYES
650 _aStructural Dynamics
_bCivil
942 _cBK
999 _c194262
_d194262